[Event "Grand Masters/Experts-ch"]
[Site "Lansing"]
[Date "1999.01.09"]
[Round "3"]
[White "Johnson, Donta"]
[Black "Mellas, Jim"]
[Result "0-1"]
[WhiteElo "1605"]
[BlackElo "1605"]
[PlyCount "50"]
[EventDate "1999.??.??"]
[EventType "swiss"]
[EventRounds "5"]
[EventCountry "USA"]
[SourceTitle "EXT 2007"]
[Source "ChessBase"]
[SourceDate "2006.11.23"]
[SourceVersion "1"]
[SourceVersionDate "2006.11.23"]
[SourceQuality "1"]

1. e4 e5 2. Nf3 Nc6 3. Bb5 a6 4. Ba4 b5 5. Bb3 Nf6 6. d3 Na5 7. Nxe5 Nxb3 8. axb3 Qe7 9. f4 Bb7 10. Be3 d5 11. 0-0 dxe4 12. Re1 0-0-0 13. Qe2 exd3 14. cxd3 Nd5 15. Qg4+ Kb8 16. Rxa6 Nxe3 17. Rxe3 Qc5 18. Qe2 Bxa6 19. Na3 Qc1+ 20. Kf2 Bc5 21. Nc6+ Ka8 22. d4 Bxd4 23. Nxd4 Rxd4 24. Rc3 Qxf4+ 25. Kg1 Rhd8 0-1